Dış politika kıskacında Türkiye (Record no. 1759)

MARC details
000 -BAŞLIK
Sabit Uzunlukta Kontrol Alanı 00597na a2200229 4500
001 - KONTROL NUMARASI
Denetim Alanı 13140
003 - KONTROL NUMARASI IDENTIFIER
Denetim Alanı MIRAKIL
005 - SON İŞLEM TARİHİ VE ZAMANI
Denetim Alanı 20181213154833.0
008 - SABİT-BOY VERİ ELEMANLARI - GENEL BİLGİLER
Sabit Uzunlukta Kontrol Alanı 161011b tu 000 0
020 ## - ULUSLARARASI STANDART KİTAP NUMARASI
Uluslararası Standart Kitap Numarası 9944326224
035 ## - SİSTEM KONTROL NUMARASI
Sistem Kontrol Numarası 13140
040 ## - KATALOGLAMA KAYNAK
Orijinal Kataloglama Ajansı Milas
Kataloglama Dili tur
Metne Dönüştürmek Ajansı TR-AnCHP
041 ## - DİL KODU
Metin / Ses Parça Veya Ayrı Başlığın Dil Kodu tur
082 ## - DEWEY ONLU SINIFLANDIRMA NUMARASI
Sınıflandırma Numarası 327.1009561
Ürün Numarası B27d 2006
090 ## - SINIFLAMA NUMARASI
Sınıflama Numarası 327.1009561 B27d 2006
100 ## - ANA GİRİŞ - KİŞİSEL İSİM
Kişisel Ad Batu, İnal
245 ## - BAŞLIK TABLOSU
Başlık Dış politika kıskacında Türkiye
Sorumluluk Tablosu, Vb İnal Batu
260 ## - YAYIN, DAĞITIM, VB
Yayın, Dağıtım, Vb Yeri İstanbul
Yayıncı, Dağıtıcı, Vs Adı Pegasus
Yayın, Dağıtım, Vb Tarihi 2006
300 ## - FİZİKSEL TANIM
Kapsam 238 s.
Boyutlar 23 sm.
650 ## - KONU KATMA GİRİŞ - TOPİKAL DÖNEM
Topikal Süreli Veya Coğrafi Ad Giriş Elemanı Uluslararası ilişkiler
Genel Alt Bölümü Türkiye
942 ## - EKLENDİ GİRİŞ ELEMANLARI (KOHA)
Sınıflandırma Veya Raf Düzeni Kaynak Dewey Decimal Classification
Koha Öğesi Türü Books
999 ## - SİSTEM KONTROL NUMARALARI (KOHA)
Koha Biblionumber 1759
Koha Biblioitemnumber 1759
Holdings
Kalıcı Konum Mevcut Konum Edinme Tarihi Edinim Kaynak Toplam Check-Out'Lar Tam Çağrı Numarası Barkod Tarih Son Görülme İtibaren Geçerli Fiyatlar Koha Öğesi Türü
CHP Kütüphanesi CHP Kütüphanesi 08/09/2016 Bağış   327.1009561 B27d 2006 000827 08/09/2016 08/09/2016 Books